| 000 | 01158nam a22002297a 4500 | ||
|---|---|---|---|
| 005 | 20120614170415.0 | ||
| 008 | 081007t xxu||||| |||| 00| 0 mar d | ||
| 010 | _aMAR-22395 | ||
| 020 |
_c110.00 _a9788174344557 |
||
| 035 | _aMR-15053 | ||
| 037 | _bD.B.Act /pub | ||
| 082 | _a940.92 | ||
| 100 |
_949115 _aरावीझ, स्लाव्होमिर |
||
| 245 |
_aमला निसटलंच पाहिचे ! / _cस्लाव्होमिर रावीझ;श्रीकांत लागू द्वारा अनुवादित |
||
| 246 |
_bby Slavomir Rawicz _aMala Nisatalach Pahije ! |
||
| 260 |
_aपुणे _bराजहंस प्रकाशन _c2009 |
||
| 270 |
_bपुणे _a1025,सदाशिव पेठ, _e411030 |
||
| 300 |
_a121पृ. _c22सेमी(अजिल्द) _bसचित्र |
||
| 700 |
_950824 _aलागू, श्रीकांत |
||
| 942 |
_2ddc _cMR _mरावीझ _h940.92 |
||
| 999 |
_c68930 _d68930 |
||